Rating valuation principles and practice (Record no. 105272)
[ view plain ]
| 000 -LEADER | |
|---|---|
| fixed length control field | 01110cam a2200265 4500 |
| 001 - CONTROL NUMBER | |
| control field | ##L132884 |
| 008 - FIXED-LENGTH DATA ELEMENTS--GENERAL INFORMATION | |
| fixed length control field | 060317n2006 000 0 eng u |
| 020 ## - INTERNATIONAL STANDARD BOOK NUMBER | |
| International Standard Book Number | 0728204924 |
| 035 ## - SYSTEM CONTROL NUMBER | |
| System control number | (Sirsi) u132884 |
| 041 0# - LANGUAGE CODE | |
| Language code of text/sound track or separate title | eng |
| 050 04 - LIBRARY OF CONGRESS CALL NUMBER | |
| Classification number | 336.2 $2 18 |
| 100 1# - MAIN ENTRY--PERSONAL NAME | |
| Personal name | Bond, Patrick |
| 245 00 - TITLE STATEMENT | |
| Title | Rating valuation principles and practice |
| 250 ## - EDITION STATEMENT | |
| Edition statement | 2nd.ed. |
| 260 ## - PUBLICATION, DISTRIBUTION, ETC. | |
| Place of publication, distribution, etc. | London |
| Name of publisher, distributor, etc. | EG Books |
| Date of publication, distribution, etc. | 2006 |
| 300 ## - PHYSICAL DESCRIPTION | |
| Extent | xxvi, 414p. |
| Dimensions | 22cm. |
| 350 ## - PRICE (NR) (BK AM CF MU VM SE) [OBSOLETE] | |
| Price | 32.00 |
| 520 ## - SUMMARY, ETC. | |
| Summary, etc. | This standard textbook provides both students and practitioners with comprehensive coverage of rating law, valuation and practice. The second edition is updated to include the new 2005 appeals regulations and the requirements for valid proposals, the changes to the material day rules, new valuation dates, transitional relief changes and small business relief. Many new cases have been added and new topics such as temporary disabilities are dealt with. |
| 520 ## - SUMMARY, ETC. | |
| Summary, etc. | Supersedes 1st edition (ISBN 0728203952). |
| 590 ## - LOCAL NOTE (RLIN) | |
| Local note | IKA250406 |
| 690 ## - LOCAL SUBJECT ADDED ENTRY--TOPICAL TERM (OCLC, RLIN) | |
| Topical term or geographic name as entry element | PROPERTY-PROPERTY TAXATION |
| 700 1# - ADDED ENTRY--PERSONAL NAME | |
| Personal name | Brown, Peter |
| 942 ## - ADDED ENTRY ELEMENTS (KOHA) | |
| Suppress in OPAC | 0 |
| Withdrawn status | Lost status | Source of classification or shelving scheme | Damaged status | Not for loan | Home library | Current library | Shelving location | Date acquired | Cost, normal purchase price | Total Checkouts | Full call number | Barcode | Date last seen | Date last checked out | Copy number | Cost, replacement price | Price effective from | Koha item type |
|---|---|---|---|---|---|---|---|---|---|---|---|---|---|---|---|---|---|---|
| Dewey Decimal Classification | London | London | Basement | 12/11/2008 | 36.99 | 13 | RESERVE | 30076294 | 06/08/2019 | 04/01/2010 | 3 | 36.99 | 06/08/2019 | Book |